000 00442nam a2200157 a 4500
005 20140412111317.0
008 010327s19uu xx 00 eng d
020 _a0-7069-9202-4
050 _aTR(PS) 372.4
_bS474 1995
100 _aSen, R.
245 _aHappy readers, book 3 /
_cR. Sen ; illustrated by Tapas Guha.
260 _aNew Delhi :
_bMadhuban Educational Books,
_c1995.
300 _a32 p.
650 _aReaders
999 _c104278
_d104278